Ces gares en France qui ne portent pas le nom de leur commune (ALEA) - Statistiques

Statistiques générales
  • Ce quiz a été pris 39 fois
    5 depuis la dernière actualisation
  • Le résultat moyen est 19 sur 21
Statistiques - réponses
Gare Commune Département % Correct
Busseau-sur-Creuse Ahun 23
100%
Valence TGV Rhône-Alpes Sud Alixan 26
100%
La Gorp Ambarès-et-Lagrave 33
100%
La Croix de Berny Antony 92
100%
Fontaine Michalon Antony 92
100%
Laplace Arcueil 94
100%
La Tricherie Beaumont Saint-Cyr 86
100%
Trois-Chênes Belfort 90
100%
Champagne Ardenne TGV Bezannes 51
100%
Stephansfeld Brumath 67
100%
Les Fontinettes Calais 62
100%
Beau-Marais Calais 62
100%
Les Bossons Chamonix-Mont-Blanc 74
100%
Les Pelerins Chamonix-Mont-Blanc 74
100%
Les Tines Chamonix-Mont-Blanc 74
100%
La Joux Chamonix-Mont-Blanc 74
100%
Argentière Chamonix-Mont-Blanc 74
100%
Bécon-les-Bruyères Courbevoie 92
100%
Cernay Ermont 95
100%
TGV Haute Picardie Estrées-Deniécourt 80
100%
Tessonnières Gaillac 81
100%
Gourland Grâces 22
100%
Beslé Guémené-Penfao 44
100%
La Hume Gujan-Mestras 33
100%
Les Deux Jumeaux Hendaye 64
100%
Croix du Prince Jurançon 64
100%
Les Versannes La Douze 24
100%
La Pauline (Hyères) La Garde 83
100%
La Levade La Grand-Combe 30
100%
Le Lioran Laveissière 15
100%
Niolon Le Rove 13
100%
Besançon Franche-Comté TGV Les Auxons 25
100%
Vaudagne Les Houches 74
100%
Picon Busserine Marseille 13
100%
Saint-Antoine Marseille 13
100%
L'Estaque Marseille 13
100%
La Barasse Marseille 13
100%
Jassoneix Meymac 19
100%
Bellet Nice 06
100%
La Borne Blanche Orry-la-Ville 60
100%
Traou-Nez Plourivo 22
100%
Les Quatre Roues Pruniers-en-Sologne 41
100%
Franchet d'Esperey Reims 51
100%
La Poterie Rennes 35
100%
Le Val d'Or Saint-Cloud 92
100%
La Plaine - Stade de France Saint-Denis 93
100%
La Taye Saint-Georges-sur-Eure 28
100%
Champigny Saint-Maur des Fossés 94
100%
Corrèze Saint-Priest-de-Gimel 19
100%
Les Bardys Saint-Priest-Taurion 87
100%
Château-Gaillard Santilly 28
100%
Kimmeri-Meinau Strasbourg 67
100%
Saint-Agne Toulouse 31
100%
Le Poirier Université Trith-Saint-Léger 59
100%
Le Buet Vallorcine 74
100%
Le Burg Varetz 19
100%
Montreuil Versailles 78
100%
Lancey Villard-Bonnot 38
100%
Parc des Expositions Villepinte 93
100%
Vosves Dammarie-les-Lys 77
50%
Le Guichet Orsay 91
50%
Brignac Royères 87
50%
Chaville - Vélizy Viroflay 78
50%
Saint-Roch Amiens 80
0%
Les Baconnets Antony 92
0%
Magnette Audes 03
0%
Chaponval Auvers-sur-Oise 95
0%
Pont de Lignon Beauzac 43
0%
Arvant Bournoncle Saint-Pierre 43
0%
Ker Lann Bruz 35
0%
La Hacquinière Bures-sur-Yvette 91
0%
Bagneux Cachan 94
0%
Ranguin Cannes 06
0%
Le Bosquet Cannes 06
0%
La Frayère Cannes 06
0%
Pontmort Chambaron-sur-Morge 63
0%
Les Moussoux Chamonix-Mont-Blanc 74
0%
Montroc-Le-Planet Chamonix-Mont-Blanc 74
0%
Mohon Charleville-Mézières 08
0%
Futuroscope Chasseneuil-du-Poitou 86
0%
Le Stade Colombes 92
0%
Moulin Galant Corbeil-Essonnes 91
0%
Le Pénity Duault 22
0%
Gros Noyer - Saint Prix Ermont 95
0%
Le Haut Banc Ferques 62
0%
Thomery Fontainebleau 77
0%
Les Grésillons Gennevilliers 92
0%
Les Noues Goussainville 95
0%
Marienthal Haguenau 67
0%
Rassuen Istres 13
0%
La Douzillère Joué-lès-Tours 37
0%
Les Vallées La Garenne-Colombes 92
0%
Bouray Lardy 91
0%
Les Cauquillous Lavaur 81
0%
Le Plessis-Chenet Le Coudray-Montceaux 91
0%
Viaduc-Sainte-Marie Les Houches 74
0%
Taconnaz Les Houches 74
0%
Le Grand Jardin Lisieux 14
0%
Hachette Locquignol 59
0%
Walygator Parc Maizières-les-Metz 57
0%
Saint-Marthe en Provence Marseille 13
0%
Saint-Joseph le Castellas Marseille 13
0%
Arenc Euroméditérranée Marseille 13
0%
La Pomme Marseille 13
0%
Croix Sainte Martigues 13
0%
Sous le Bois Maubeuge 59
0%
Bellevue Meudon 92
0%
Thun le Paradis Meulan-en-Yvelines 78
0%
La Brohinière Montauban-de-Bretagne 35
0%
La Ville Gozet Montluçon 03
0%
Chantenay Nantes 44
0%
Saint Isidore (Stade) Nice 06
0%
Crémat - le Pal Nice 06
0%
Lingostière Nice 06
0%
Les Saules Orly 94
0%
Lozère Palaiseau 91
0%
Chedde Passy 74
0%
Lancerf Plourivo 22
0%
Frynaudour Plourivo 22
0%
La Défense Puteaux 92
0%
Pontchaillou Rennes 35
0%
Grand Bourg Ris-Orangis 91
0%
Faubourg d'Orléans Romorantin-Lanthenay 41
0%
Les Bons Pères Rousies 59
0%
Pont de Briques Saint-Etienne au Mont 62
0%
Achères Grand Cormier Saint-Germain-en-Laye 78
0%
La Varenne - Chennevières Saint-Maur des Fossés 94
0%
Penhoët Saint-Nazaire 44
0%
La Croix de Méan Saint-Nazaire 44
0%
Épluches Saint-Ouen-l'Aumône 95
0%
Pont Petit Saint-Ouen-l'Aumône 95
0%
Boulouris-sur-Mer Saint-Raphaël 83
0%
Agay Saint-Raphaël 83
0%
Le Dramont Saint-Raphaël 83
0%
Anthéor Cap Roux Saint-Raphaël 83
0%
Le Trayas Saint-Raphaël 83
0%
La Hisse Saint-Samson-sur-Rance 22
0%
Robinson Sceaux 92
0%
Vaucelles Taverny 95
0%
Lothiers Tendu 36
0%
Pont de Rungis Aéroport d'Orly Thiais 94
0%
Saint Cyprien - Arènes Toulouse 31
0%
Lacourtensourt Toulouse 31
0%
Le TOEC Toulouse 31
0%
Lardenne Toulouse 31
0%
Saint-Martin du Touch Toulouse 31
0%
Les Ramassiers Toulouse 31
0%
Gallieni - Cancéropôle Toulouse 31
0%
Mullerhof Urmatt 67
0%
Lexos Varen 82
0%
Les Trillers Vaux 03
0%
Darsac Vernassal 43
0%
Porchefontaine Versailles 78
0%
Estressin Vienne 38
0%
Brignoud Villard-Bonnot 38
0%
Pont de Bois Villeneuve d'Ascq 59
0%
Vert Galant Villepinte 93
0%
Les Ardoines Vitry-sur-Seine 94
0%
La Fontaine Wavrin 59
0%
Aucun quiz correspondant
Distribution des résultats
% des personnes avec chaque résultat
Percentile par nombre de réponses
Votre historique - résultats
Vous n’avez pas pris ce quiz depuis la dernière actualisation